Muumien hahmot 2 -Kuvavisa - Statistics

Yleistilastot
  • Tätä visaa on pelattu 159 kertaa
  • Keskiarvotulos 6 / 15
Vastaustilastot
Kuvavisa Vastaus % Oikein
Poliisimestari
89%
Esi-Isä
66%
Primadonna
64%
Majakanvartija
55%
Emma
50%
Surku-Koira
44%
Emeraldo
37%
Marsilainen
35%
Juksu
34%
Vampyyri
34%
Primadonnan Hevonen
30%
Launo
29%
Herra Virkkunen
19%
Nana
14%
Salome
3%
Ehtoja vastaavia visoja ei löytynyt
Tulosjakauma
Jokaisen tuloksen saaneiden osuus
Persentiili vastausten määrän mukaan
Tuloshistoriasi
Et ole pelannut tätä visaa